La educación sexual en la escuela /
Guardado en:
| Autor Principal: | |
|---|---|
| Formato: | Libro |
| Publicado: |
Capital Federal :
Aula Taller,
2009
|
| Materias: | |
| Etiquetas: |
Agregar Etiqueta
Sin Etiquetas, Sea el primero en etiquetar este registro!
|
| LEADER | 00933nam a22002295a 4500 | ||
|---|---|---|---|
| 001 | CEM.cems013244 | ||
| 005 | 20100215085131.0 | ||
| 008 | 130507s2009##################000#0#####d | ||
| 003 | CEMS | ||
| 020 | |a 9789871086283 | ||
| 082 | 0 | 4 | |a 371.76 |
| 100 | 1 | |a Recalde, María Mercedes | |
| 245 | 1 | 0 | |a La educación sexual en la escuela / |c María Mercedes Recalde |
| 260 | |a Capital Federal : |b Aula Taller, |c 2009 | ||
| 300 | |a 100 p. | ||
| 500 | |a Para padres, docentes y alumnos | ||
| 505 | 0 | |a Educación sexual, cuándo, dónde, cómo? -- La sexualidad en las distintas etapas de la vida -- Sexualidad y género. Respeto y respondabilidad -- Programa Nacional de Reproducción y Procreación Responsable -- Epílogo: el amor en la adolescencia | |
| 653 | |a Educación sexual | ||
| 653 | |a Educación | ||
| 653 | |a Adolescentes-sexualidad | ||
| 653 | |a Sexualidad-adolescentes | ||
| 859 | |a CEMS |b BIB. CEMS - 11 de abril |h 371.76 |i R243 |p 25750.09 |t Ej.1 | ||
